=LDR 00000nam 2200000 4500 =001 INLIS000000000012909 =005 20130612104402 =008 ***********************************Ind** =035 ##$$0010-061300000012909 =041 ##$$a Ind =082 ##$$a 2x9.85 =090 ##$$a 2x9.85, Qah b =100 ##$$a Al-Qahthani, Said Bin Musfir =245 ##$$a Buku putih Syaikh Abdull Qadir Al-Jailani, Sa'id bin Musafir Al-Qahthan : Penerjemah, Munirul Abidin =260 ##$$a 2003 $b Jakarta =300 ##$$a xvii, 545 hlm, 24 cm =650 ##$$a Syakh Abdul Qadir Al- Jailani =700 ##$$a Abidin, Muirul =850 ##$$a NBPNMAT